000 01002cam a22001934a 4500
005 20250605164338.0
008 250528s ||||||||||||||||||||||||d
035 _a23526
040 _aGR-AtMCL
_bgre
_dGR-AtMCL
_eAACR2
245 1 _aInvestigation of the Installation Environmental Impact to the Calculated Life Expectancy of Bearings
260 _c2017
300 _a86
520 _aAbstract, Acknowledgements, Introduction, Background, Aims and Objectives, Literature Review, Basic Theory, Bearing Failure, Predictive Bearing Maintenance, State of the Art, Important Parameters Concerning Bearings' Function, Methodology of Test Rig Construction Techniques, Environmental Conditions During Assembly, Methoda of Measurement, Findings of the Test Rig Experiment, Critical Analysis Report, Study Limitations, Future Research, Conclusions, References, Appendices.
700 1 _aMakris Nikolaos
_98940
700 1 _aSiasos Alexandros
_99098
942 _cDS
999 _c8527
_d8527